00944nam a22002297a 4500003000700000005001700007008004100024040003300065041000800098050002500106110006400131245020200195260003800397300001300435336002800448337003000476338002700506610006500533650005100598650002900649650003600678CBULib20240603081220.0230705b |||||||| |||| 00| 0 eng d aCBULibcCBULibbEnglisherda aeng aUNCTAD(058)TDRO/2022 aUnited Nations Conference in Trade and Development (UNCTAD) aTrade and development report 2022 : overview : development prospects in a fractured world : global disorder and regional responses c/ by United Nations Conference in Trade and Development (UNCTAD) aGeneva : bUnited Nations, c2023 a24 pages 2rdacontentaText |btxt 2rdamediaaUnmediated |bn 2rdacarrieraVolumebnc aUNITED NATIONS CONFERENCE ON TRADE AND DEVELOPMENT (UNCTAD)  aINTERNATIONAL ECONOMIC RELATIONS--PERIODICALS  aTRADE AND DEVELOPMENT  aGLOBALIZATION--ECONOMIC ASPECTS